<?xml version="1.0" encoding="UTF-8"?>
<record
    xmlns:xsi="http://www.w3.org/2001/XMLSchema-instance"
    xsi:schemaLocation="http://www.loc.gov/MARC21/slim http://www.loc.gov/standards/marcxml/schema/MARC21slim.xsd"
    xmlns="http://www.loc.gov/MARC21/slim">

  <leader>01291nam a22001817a 4500</leader>
  <controlfield tag="008">111124t        xxu||||| |||| 00| 0 eng d</controlfield>
  <datafield tag="020" ind1=" " ind2=" ">
    <subfield code="a">528673130</subfield>
  </datafield>
  <datafield tag="050" ind1=" " ind2=" ">
    <subfield code="a">HB171.5.P534</subfield>
  </datafield>
  <datafield tag="100" ind1=" " ind2=" ">
    <subfield code="a">Phillps, Llad,</subfield>
  </datafield>
  <datafield tag="245" ind1=" " ind2=" ">
    <subfield code="a">Economic analysis of pressing soical problems /</subfield>
    <subfield code="c">Llad Phillips and Harold L. Votey</subfield>
  </datafield>
  <datafield tag="260" ind1=" " ind2=" ">
    <subfield code="a">Chicago:</subfield>
    <subfield code="b">Rand Mcnally College Pub. Company;</subfield>
    <subfield code="c">1974.</subfield>
  </datafield>
  <datafield tag="300" ind1=" " ind2=" ">
    <subfield code="a">xii, 348 p.:</subfield>
    <subfield code="b">ill,</subfield>
    <subfield code="c">20cm.</subfield>
  </datafield>
  <datafield tag="500" ind1=" " ind2=" ">
    <subfield code="a">Includes index.</subfield>
  </datafield>
  <datafield tag="505" ind1=" " ind2=" ">
    <subfield code="a">Contents: Introduction -- The American farm problem: Welfare for the rich and high food prices -- Oil, energy, and environmental concern -- Democratic ideals and economic power: An Investigation into the concentration of economic power in large corporations -- Fair pricing and the economics of congestion -- Allocation thr Elixir of life: Water --  Environmental Quailty: A View from the marketplace -- What's all this Jazz about Gold? or why the international monetary system fails to work -- Higher Education: Should students pay their way?  -- Work and  Dissatisfaction: Is Money enough? -- Political choice and enironmental quality -- Population pressure and the quality of life -- The War on crime: Prevention of control -- Summary -- Economic tool kit.</subfield>
  </datafield>
  <datafield tag="650" ind1=" " ind2=" ">
    <subfield code="a">Economics</subfield>
  </datafield>
  <datafield tag="700" ind1=" " ind2=" ">
    <subfield code="a">Votey, Harold L.</subfield>
  </datafield>
  <datafield tag="942" ind1=" " ind2=" ">
    <subfield code="2">lcc</subfield>
    <subfield code="c">BK</subfield>
  </datafield>
  <datafield tag="999" ind1=" " ind2=" ">
    <subfield code="c">288</subfield>
    <subfield code="d">7788</subfield>
  </datafield>
  <datafield tag="952" ind1=" " ind2=" ">
    <subfield code="0">0</subfield>
    <subfield code="1">0</subfield>
    <subfield code="2">lcc</subfield>
    <subfield code="4">0</subfield>
    <subfield code="7">0</subfield>
    <subfield code="a">WIUC-1</subfield>
    <subfield code="b">WIUC-1</subfield>
    <subfield code="c">GEN</subfield>
    <subfield code="d">2011-11-24</subfield>
    <subfield code="l">0</subfield>
    <subfield code="o">HB171.5.P534</subfield>
    <subfield code="p">794/11</subfield>
    <subfield code="r">2011-11-24 00:00:00</subfield>
    <subfield code="w">2011-11-24</subfield>
    <subfield code="y">BK</subfield>
  </datafield>
</record>
